Movie By Difficulty XI Quiz Stats

 Plays Quiz Updated Jun 27, 2017

Challenge
Share
Tweet
Score 0/30 Timer 08:00
5 Plays Today
% Correct
Mean Girls
94.9%
X-Men
91.1%
Rain Man
89.5%
Lawrence of Arabia
86.6%
A Nightmare on Elm Street
86.4%
A Clockwork Orange
83.4%
Blade
82.2%
Gone Girl
81.7%
American Psycho
70.7%
Whiplash
57.8%
Election
48%
Pride & Prejudice
44.2%
Stranger Than Fiction
35%
October Sky
34.3%
Seven Psychopaths
33.1%
% Correct
Benny & Joon
33.1%
Legends of the Fall
31.7%
Inside Man
29.4%
Warrior
28.3%
Mean Streets
20.9%
What We Do in the Shadows
15.8%
Rabbit Hole
9.2%
Velvet Goldmine
6.4%
Wings of Desire
6.3%
The F Word
6.3%
Martha Marcy May Marlene
5%
You Can Count On Me
3.2%
The Way Back
3%
Talk to Her
2.9%
Detachment
2.1%

You're not logged in!

Compare scores with friends on all Sporcle quizzes.
Join for Free
OR
Log In

You Might Also Like...

Show Comments

Extras

Top Quizzes Today


Score Distribution

Your Account Isn't Verified!

In order to create a playlist on Sporcle, you need to verify the email address you used during registration. Go to your Sporcle Settings to finish the process.

Report this User

Report this user for behavior that violates our Community Guidelines.

Details: